| 000 | 00426nam a2200157Ia 4500 | ||
|---|---|---|---|
| 008 | 210716s1995 xx 000 0 und d | ||
| 020 | _a8120313631 | ||
| 041 | _aeng | ||
| 082 | _a658.1511 ATRP | ||
| 100 | _aAtrill, Peter;Mclaney, Eddie. | ||
| 245 | _aManagement accounting for non specialists. | ||
| 250 | _a1 | ||
| 260 |
_aNew Delhi _bPHI Learning Pvt Ltd _c1995 |
||
| 300 | _axiv,330 | ||
| 650 | _aManagement Accounting | ||
| 999 |
_c197678 _d197678 |
||